| 000 | 01945cam a22002414a 4500 | ||
|---|---|---|---|
| 005 | 20250605164126.0 | ||
| 008 | 250528s ||||||||||||||||||||||||d | ||
| 035 | _a18461 | ||
| 020 | _a9602181672 | ||
| 040 |
_aGR-AtMCL _bgre _dGR-AtMCL _eAACR2 |
||
| 245 | 1 |
_aΕισαγωγή στην Οικονομική. _nΤόμος Β' |
|
| 250 | _a4η | ||
| 260 |
_bAddison-Wesley Publishing Company, _c1998 |
||
| 300 | _a654 | ||
| 520 | _aΜακροοικονομική, Εισαγωγή στη Μακροοικονομική και στους Εθνικούς Λογαριασμούς, Προσδιορισμός του Εθνικού Εισοδήματος, Συνολική Ζήτητη και Δημοσιονομική Πολιτική και Εξωτερικό Εμπόριο, Χρήμα και Σύγχρονη Τραπεζική, Κεντρική Τράπεζα και Νομισματικό Σύστημα, Νομισματική και Δημοσιονομική Πολιτική σε Κλειστή Οικονομία, Συνολική Προσφορά και Επίπεδο Τιμών και Ταχύτητα, Ανεργία, Πληθωρισμός, Μακροοικονομική της Ανοιχτής Οικονομίας, Οικονομική Μεγένυνση, Ο Οικονομικός Κύκλος, Μακροοικονομική: Πού Βρισκόμαστε, Η Διεθνής Οικονομία, Διεθνές Νομισματικό Σύστημα και Διεθνείς Οικονομικές Σχέσεις, Η Ευρωπαϊκή Ολοκλήρωση στη Δεκαετία του '90, Προβλήματα των Αναπτυσσόμενων Χωρών στην Παγκόσμια Οικονομία. | ||
| 700 | 1 |
_aBegg David _91654 |
|
| 700 | 1 |
_aDornbusch Rudiger _91655 |
|
| 700 | 1 |
_aFischer Stanley _91656 |
|
| 700 | 1 |
_aΜινόγλου Θέμις _92951 |
|
| 942 | _cBK | ||
| 999 |
_c3822 _d3822 |
||